Szczegóły MARC21

Odkrywając wolność : przeciw zniewoleniu umysłów /

003 -Nazwa inst., której nr kontr. jest w polu 001 [,]
    • @
    • Nazwa instytucji, której n kontrolny jest w polu 001
    • NUKAT
005 -DATA I CZAS OSTATNIEJ MODYFIKACJI [,]
    • @
    • pole kontrolne
    • 20241231090649.0
020 -Międzynarod. znormalizowany nr książki - ISBN [ , ]
    • a
    • Numer ISBN
    • 9788377850619 Find
040 -Instytucja sporządzająca opis [ , ]
    • a
    • Instytucja, która sporządziła opis (NP)
    • GD 103/MJ
    • c
    • Instytucja, która sporządziła rekord (NP)
    • GD 103/MJs
    • d
    • Instytucja, która zmodyfikowała rekord (P)
    • GD 103/MN
    • d
    • Instytucja, która zmodyfikowała rekord (P)
    • GL 001/ML
    • d
    • Instytucja, która zmodyfikowała rekord (P)
    • SZCZ M/AB
    • d
    • Instytucja, która zmodyfikowała rekord (P)
    • KR U/42EBs
942 -Rodzaj dokumentu [ , ]
    • c
    • Rodzaj dokumentu
    • Książka
245 -Strefa tytułu i oznaczenia odpowiedzialności [0,0]
    • a
    • Tytuł
    • Odkrywając wolność : Find
    • b
    • Ciąg dalszy tytułu (NP)
    • przeciw zniewoleniu umysłów / Find
    • c
    • Pozostałe elementy strefy tytułu i oznaczenia odpowiedzialności (NP)
    • wyboru tekstów dokonał i wstępem opatrzył Leszek Balcerowicz.
260 -Strefa adresu wydawniczego [ , ]
    • a
    • Miejsce wydania (P)
    • Poznań :
    • b
    • Nazwa wydawcy (P)
    • Zysk i S-ka Wydawnictwo,
    • c
    • Data wydania (P)
    • cop. 2012.
300 -Strefa opisu fizycznego [ , ]
    • a
    • Określenie formy książki i/lub objętość (NP)
    • 1027 s. ;
    • c
    • Format (NP)
    • 23 cm.
336 -Typ zawartości [ , ]
    • a
    • Termin opisujący typ zawartości
    • Tekst
    • b
    • Kod określający zawartość
    • txt
    • 2
    • Źródło (terminu i kodu)
    • rdacontent
337 -Typ mediów [ , ]
    • a
    • Tryb odtwarzania
    • Bez urządzenia pośredniczącego
    • b
    • Kod typu mediów
    • n
    • 2
    • Źródło (terminu i kodu)
    • rdamedia
338 -Typ/rodzaj nośnika [ , ]
    • a
    • Hasło opisujące typ nośnika
    • Wolumin
    • b
    • Kod typu nośnika
    • nc
    • 2
    • Źródło (terminu i kodu)
    • rdacarrier
504 -Uwaga dot. bibliogr. załącznikowej [ , ]
    • a
    • Uwaga dot. bibliografii załącznikowej
    • Bibliogr. przy rozdz. oraz s. 1021-1027.
080 -Uniwersalna Klasyfikacja Dziesiętna [ , ]
    • 2
    • Identyfikator wydania tablic
    • UDC-P058
    • 9
    • UKD
    • 2374
    • a
    • Symbol klasyfikacji
    • 122/129
    • b
    • Dopowiedzenie
    • Metafizyka szczegółowa. Przyczynowość. Przyczyna sprawcza. Warunek. Skutek. Wolność i konieczność. Determinizm, indeterminizm. Ład, porządek. Teleologia. Celowość. Przyczyna celowa. Wartość. Norma. Przeznaczenie. Skończoność. Nieskończoność i nieograniczoność. Dusza. Istota życia i śmierci. Wędrówka dusz. Inkarnacja. Reinkarnacja. Nieśmiertelność.
080 -Uniwersalna Klasyfikacja Dziesiętna [ , ]
    • 2
    • Identyfikator wydania tablic
    • UDC-P058
    • 9
    • UKD
    • 3432
    • a
    • Symbol klasyfikacji
    • 342.72/.73
    • b
    • Dopowiedzenie
    • Prawa obywateli. Państwo a jednostka. Wolność osobista. Ochrona danych osobowych. Równość obywatelska i publiczna. Równość rasowa. Równość wyznania. Wolność nauki. Prawo zrzeszania się. Wolność zgromadzeń. Wolność sumienia i wyznania. Wolność prasy i widowisk. Prawo do pracy i ubezpieczeń społecznych. Prawo do nauki.
080 -Uniwersalna Klasyfikacja Dziesiętna [ , ]
    • 2
    • Identyfikator wydania tablic
    • UDC-P058
    • 9
    • UKD
    • 2854
    • a
    • Symbol klasyfikacji
    • 321.7
    • b
    • Dopowiedzenie
    • Demokracja.
080 -Uniwersalna Klasyfikacja Dziesiętna [ , ]
    • 2
    • Identyfikator wydania tablic
    • UDC-P058
    • 9
    • UKD
    • 2991
    • a
    • Symbol klasyfikacji
    • 330.8
    • b
    • Dopowiedzenie
    • Historia teorii ekonomicznych. Szkoły ekonomiczne. Historia myśli ekonomicznej. Merkantylizm. Fizjokratyzm. Liberalizm.
080 -Uniwersalna Klasyfikacja Dziesiętna [ , ]
    • 2
    • Identyfikator wydania tablic
    • UDC-P058
    • 9
    • UKD
    • 3220
    • a
    • Symbol klasyfikacji
    • 338.242
    • b
    • Dopowiedzenie
    • Zarządzanie i kierowanie gospodarką w systemie wolnorynkowym (rynkowym). Ingerencja państwa w życie gospodarcze. Interwencjonizm państwa w gospodarkę. Stabilizacja gospodarki. Wolność gospodarcza.
650 -Hasło przedmiotowe [ ,7]
    • a
    • Hasło przedmiotowe
    • Wolność
    • x
    • Określnik rzeczowy
    • aspekt polityczny.
    • 2
    • Źródło terminu
    • kaba
    • 9
    • KHW
    • 357012
650 -Hasło przedmiotowe [ ,7]
    • a
    • Hasło przedmiotowe
    • Wolność
    • x
    • Określnik rzeczowy
    • aspekt ekonomiczny.
    • 2
    • Źródło terminu
    • kaba
    • 9
    • KHW
    • 372223
650 -Hasło przedmiotowe [ ,7]
    • a
    • Hasło przedmiotowe
    • Demokracja.
    • 2
    • Źródło terminu
    • kaba
    • 9
    • KHW
    • 105877
650 -Hasło przedmiotowe [ ,7]
    • a
    • Hasło przedmiotowe
    • Liberalizm.
    • 2
    • Źródło terminu
    • kaba
    • 9
    • KHW
    • 116916
980 -Symbol UKD [ , ]
    • a
    • UKD
    • 122/129:342.72/.73:321.7:330.8:338.242
700 -Hasło dodatkowe - nazwa osobowa [1, ]
    • a
    • Nazwa osobowa (NP)
    • Balcerowicz, Leszek Find
    • d
    • Daty biograficzne (NP)
    • (1947- ).
    • e
    • Określenie rodzaju współpracy
    • Oprac.
    • 9
    • KHW
    • 19393
710 -Hasło dodatkowe - nazwa ciała zbiorowego [2, ]
    • a
    • Nazwa ciała zbiorowego lub nazwa geograficzna jako pierwszy element (NP)
    • Zysk i S-ka Wydawnictwo.
    • 4
    • Kod relacji
    • pbl
    • 9
    • KHW
    • 54028
920 -ISBN [ , ]
    • a
    • ISBN
    • 978-83-7785-061-9 Find
Lokalizacja Data inwentaryzacji Status udost. Numer inwentarzowy Sygnatura
BG2013-03-22-3WM.14214 
BG2013-03-22-3WM.14215 
BNS2013-10-211H.25060 
BNS2013-10-21-3H.25061 
T2013-01-10-2T.12394T.12394
T2014-02-12-2TM.10404TM.10404
T2016-12-12-2TM.13024